000 00876nam a22002417a 4500
999 _c7287
_d7287
003 AR-CdUCM
008 190320b ||||| |||| 00| 0 spa d
040 _aMUNICIPALIDAD PROVINCIAL DEL CUSCO
_cBIBLIOTECA MUNICIPAL DEL CUSCO
082 _a303.484 /
_bD97
100 _aDurandeaux, Jacques
_920542
245 _aLas jornadas de mayo /
260 _aMexico :
_bGrijalbo,
_c1970.
300 _a157 páginas ;
_c18 cm.
440 _aColección 70
_n76
_920543
505 _aAl modo de introducción -- El estudiante la política y la iglesia -- Un cristiano frente a la violencia -- Una mujer y la revolución...
650 _aJornadas de mayo.
_920544
650 _aGrito de libertad.
_920545
650 _aMujeres y revolución.
_920546
650 _aRevolución.
_9844
700 _aRodriguez Flores, Inmaculada (traductor)
_920547
942 _2ddc
_cLIBROS
945 _awfj